000 01974nam a22001337a 4500
008 181106b xxu||||| |||| 00| 0 eng d
020 _a....................................................................................................................................................................................................................................................................................................................................................................................................................................................................................................................................................................................................................................................................................................................................................................................................................................................................................................................................................................................................................................................................................................................................................................................................................................................................................................................................................................................................................................................................................................................................................................................................................................................................................................................0
041 _aeng
080 _23 th
_a341
100 _a15
101 _ajur
245 _aIntelectualy Propery In The New Technological Age
_cMerges.L
942 _2udc
_cBK
999 _c51914
_d51914